000 01786cab a2200289Ia 45 0
001 u184970
003 SIRSI
008 100915s2007 ua ss b eng d
040 _aEAL
041 _aeng
_bara
090 _aART MUJAS V32 No1 46
100 1 _aShaaban, S. H. A.
240 1 0 _aMansoura University journal of agricultural sciences, 2007 v. 32 (1)
_h[electronic resource].
245 1 0 _aMicronutrient changes and chemical properties in samany date palm cultivar as affected by nitrogen and potassium application
_h[electronic resource].
246 1 5 _aالتغييرات فى العناصر الصغرى والصفات الكيميائية لنخيل البلح السمانى وتأثيرها بالتسميد النيتروجينى والبوتاسى .
300 _aP.601-614.
504 _aIncludes reference.
520 _aThe present investigation was carried out during 2004 and 2005 seasons on Samany date palm cv. Samany grown in EI-Kanater EI-Khairia, EI-Kaliobia Governorate, Egypt, to study the effect of nitrogen (ammonium nitrate) and potassium (potassium sulphate) fertilization on date palm micronutrient status. fruit chemical properties, and effect of sampling time, leaflets position (basal, middle and terminal) on leaf and fruit micronutrient contents and interaction between them, in order to obtain information to be used as a basis to proper fertilizer programs.
546 _aSummary in Arabic.
650 0 _aMicronutrient fertilizers.
650 0 _aPalms.
650 0 _aNitrogen fertilizers.
650 0 _aPotassium fertilizers.
773 0 _tMansoura Unviersity Journal of Agricultural Sciences.
_g2007.v.32(1)
_x1110-0346
_7nnas
_wu182197
856 4 0 _uhttp://nile.enal.sci.eg/EALE/2007/MUJAS/3207/1/601.pdf
_zFull Text Article.
596 _a1
942 _cAR
_2lcc
999 _c40381
_d40381